00840nam a22002177a 4500003000400000005001700004008004100021040001800062050002000080100004000100245014300140264003500283300002500318336002200343337002400365338002400389502008600413650004800499650004700547700002800594OSt20260601193857.0260420b1969 mx |||| |||| 00| 0 spa d aICIbspacICI aHC123bC36 1969 aCardoso, Fernando Henrique, eautor a Dependencia y desarrollo en América Latina :b ensayo de interpretación sociológica /cPor Fernando Henrique Cardoso y Enzo Faletto aMéxico : bSiglo XXI, c1969 a166 paginas c18 cm. 2rdacontentatexto 2rdamediaasin medio 2rdacarrieravolumen aReimpresiones: (16, 1979) -- (19, 1984) -- (25, 1992) -- (28, 1998) -- (29, 1999) aAmérica Latina xCondiciones económicas a América Latinax Dependencia extranjera a Faletto, Enzo, eautor